000 nam a22 7a 4500
999 _c35986
_d35986
003 OSt
005 20170729150915.0
008 170729b xxu||||| |||| 00| 0 eng d
040 _cSEROSOFT
100 _aKITTLE
245 _aINTRODUCTION TO SOLID STATE PHYSICS
260 _aDELHI
_bWILLY
_c2008
300 _a673
942 _2ddc
_c03